| 000 | 00602nam a22001817a 4500 | ||
|---|---|---|---|
| 005 | 20251108164937.0 | ||
| 008 | 250721s2002 xx 000 0 ara d | ||
| 082 | 1 | 4 | _a823.03/بير |
| 100 | 1 | _aبيرغوين، اليزبيث | |
| 245 | 1 | 0 | _aجبير تروودبيل من أوراقها الشخصية 1914-1920 / |
| 264 | 1 |
_aبيروت : _bالمؤسسة العربية للدراسات، _c2002. |
|
| 300 | _a654ص. | ||
| 650 | 1 | 7 | _aالمذكرات الأدبية |
| 650 | 1 | 7 | _aالتاريخ السياسي |
| 700 | 1 |
_aمظفر، نمير _eترجمة |
|
| 942 |
_2ddc _cBK |
||
| 999 |
_c18052 _d18052 |
||